El Suelo y su fertilidad (Record no. 9590)

MARC details
000 -CABECERA
campo de control de longitud fija 00959nam a2200265 a 4500
001 - NÚMERO DE CONTROL
campo de control BRL_778
005 - FECHA Y HORA DE LA ÚLTIMA TRANSACCIÓN
campo de control 20190320210907.0
008 - DATOS DE LONGITUD FIJA--INFORMACIÓN GENERAL
campo de control de longitud fija 071013s1966----sp-a######---#000-0#spa-#
041 ## - CÓDIGO DE LENGUA
Código de lengua del texto/banda sonora o título independiente spa
044 ## - CÓDIGO DEL PAÍS DE LA ENTIDAD EDITORA/PRODUCTORA
Código MARC del país sp
050 #4 - SIGNATURA TOPOGRÁFICA DE LA BIBLIOTECA DEL CONGRESO
Número de clasificación S591
Número de documento/Ítem .T46 1966
100 1# - ENTRADA PRINCIPAL--NOMBRE DE PERSONA
Nombre de persona Thompson, Louis M.
9 (RLIN) 24914
245 10 - MENCIÓN DE TÍTULO
Título El Suelo y su fertilidad
Resto del título propiedades físicas, biológicas y químicas del suelo en relación con su formación, clasificación y tratamientos desde el punto de vista de la fertilidad
Mención de responsabilidad, etc. Louis M. Thompson ; versión española por Ricardo Clará Camprubi.
250 ## - MENCIÓN DE EDICIÓN
Mención de edición 3a ed.
260 ## - PUBLICACIÓN, DISTRIBUCIÓN, ETC.
Lugar de publicación, distribución, etc. Barcelona
Nombre del editor, distribuidor, etc. Editorial Reverté
Fecha de publicación, distribución, etc. 1966
300 ## - DESCRIPCIÓN FÍSICA
Extensión 407 p.
Otras características físicas il., gráficas, mapas
Dimensiones 22 cm.
500 ## - NOTA GENERAL
Nota general Au861
500 ## - NOTA GENERAL
Nota general Traducción de: Soils and soil fertility.
504 ## - NOTA DE BIBLIOGRAFÍA, ETC.
Nota de bibliografía, etc. Bibliografía: p. 398-399
650 14 - PUNTO DE ACCESO ADICIONAL DE MATERIA--TÉRMINO DE MATERIA
Término de materia o nombre geográfico como elemento de entrada Suelos
9 (RLIN) 17478
650 14 - PUNTO DE ACCESO ADICIONAL DE MATERIA--TÉRMINO DE MATERIA
Término de materia o nombre geográfico como elemento de entrada Fertilidad del suelo
9 (RLIN) 24842
700 1# - PUNTO DE ACCESO ADICIONAL--NOMBRE DE PERSONA
Nombre de persona Camprubi, Ricardo Clará
Término indicativo de función/relación tr.
9 (RLIN) 24915
902 ## - CATALOGADOR
Iniciales GRL
942 ## - ELEMENTOS DE PUNTO DE ACCESO ADICIONAL (KOHA)
Fuente del sistema de clasificación o colocación Library of Congress Classification
Tipo de ítem Koha Libros
Holdings
Estado de retiro Estado de pérdida Estado dañado No para préstamo Localización permanente Ubicación/localización actual Fecha de adquisición Número de inventario Total de préstamos Signatura topográfica completa Código de barras Fecha visto por última vez Precio válido a partir de Tipo de ítem Koha
El ejemplar forma parte de la colección y puede ser consultado según las políticas vigentes.       Biblioteca Centro de Estudios Ruth D. Lechuga Biblioteca Centro de Estudios Ruth D. Lechuga 07/10/2013 Au861   S591 .T46 1966 (Au861) GRL00847 22/03/2019 22/03/2019 Libros